| 000 | 00661nam a22002172 4500 | ||
|---|---|---|---|
| 001 | 0000005360 | ||
| 005 | 20170406120551.0 | ||
| 008 | 141215s xx 000 0 eng d | ||
| 020 |
_a9781886801677 : _c$ |
||
| 040 |
_aYour Holding Symbol _cYour Holding Symbol |
||
| 100 | 1 | _aLoshin Pete. | |
| 245 | 1 | 0 |
_aElectronic Commerce : _bonline ordering and digital money / _cPete Loshin. |
| 250 | _aSecond ed. | ||
| 260 |
_aRockland : _bCharles River Media, Inc, _c1997. |
||
| 300 |
_a316 p. : _bill ; _c cm. |
||
| 504 | _aIncludes Index. | ||
| 591 |
_a2005 _bDonation _cArrupe |
||
| 650 | 0 | _aFinance. | |
| 700 | 1 | 0 | _aPaul Murphy. |
| 908 | _a141215 | ||
| 999 |
_c5159 _d5159 |
||